000 00537nam a2200181 a 4500
005 20140412111244.0
008 010809s19uu xx 00 eng d
020 _a1-56293-107-5
050 _aER
_bJe35 1992
100 _aCohen, Della
245 _aJeff rides a spaceship /
_cby Della Cohen; pictures by Cornelius Van Wright.
260 _aNew York :
_bMcClanahan Book Company,
_c1992.
300 _a1v. (unp.) ; ill.
440 _aStorytime Books
650 _aSpaceship-Fiction
650 _aChildren's stories
999 _c102871
_d102871